Devotional texts of the Aaryans : (Record no. 124933)

MARC details
000 -LEADER
fixed length control field 00816nam a22002297a 4500
005 - DATE AND TIME OF LATEST TRANSACTION
control field 20170124105946.0
010 ## - LIBRARY OF CONGRESS CONTROL NUMBER
LC control number 916915
020 ## - INTERNATIONAL STANDARD BOOK NUMBER
Terms of availability 15.00
035 ## - SYSTEM CONTROL NUMBER
System control number 916915
037 ## - SOURCE OF ACQUISITION
Source of stock number/acquisition Cen Lib/Ret
040 ## - CATALOGING SOURCE
Original cataloging agency DPL
Language of cataloging EN
082 ## - DEWEY DECIMAL CLASSIFICATION NUMBER
Classification number 220.21
Item number DEV
245 ## - TITLE STATEMENT
Title Devotional texts of the Aaryans :
Statement of responsibility, etc translated and edited by Satyaananda Saastrī
Remainder of title English translation of Svaamii Dayaananda Sarasvatii's devotional treatise "Aaryaabhivinaya" /
260 ## - PUBLICATION, DISTRIBUTION, ETC. (IMPRINT)
Place of publication, distribution, etc U.P.
Name of publisher, distributor, etc Virajaananda Vaidika Samsthaana
270 ## - ADDRESS
City Ghaziabad
Address Samnyaasa Aasrama
300 ## - PHYSICAL DESCRIPTION
Extent 212p.
Dimensions 23cm(Hb)
500 ## - GENERAL NOTE
General note Includes bibliographical references and glossary
650 ## - SUBJECT ADDED ENTRY--TOPICAL TERM
Topical term or geographic name as entry element Hinduism -- Prayers and devotions
9 (RLIN) 73498
650 ## - SUBJECT ADDED ENTRY--TOPICAL TERM
Topical term or geographic name as entry element Hinduism
9 (RLIN) 73499
700 ## - ADDED ENTRY--PERSONAL NAME
Personal name Saastrii, Satyananda
9 (RLIN) 12445
942 ## - ADDED ENTRY ELEMENTS (KOHA)
Source of classification or shelving scheme Dewey Decimal Classification
Koha item type English Books
Classification part 220.21
Call number suffix DEV
Holdings
Withdrawn status Lost status Damaged status Not for loan Home library Current library Date acquired Source of acquisition Cost, normal purchase price Total Checkouts Full call number Barcode Date last seen Copy number Cost, replacement price Price effective from Koha item type Public note
Written off       Central Library Central Library 19/06/2015 Cen Lib/Ret 15.00   220.21 DEV 916915 19/06/2015 1 15.00 19/06/2015 English Books W/d list no. 6830/2

© Delhi Public Library
Hit Counter
free hit counter